Nazwij pasujący kraj 1 - Statystyki

Ogólne statystyki
  • Ten quiz został rozwiązany 91 razy
  • Średni wynik to 5 z 7
Statystyki odpowiedzi
Hint Odpowiedź % Poprawnych
Te państwo jest największe po rozpadzie związku radzieckiego(nie licząc Rosji) Kazachstan
91%
Te państwo jest najbliżej do Polski nie granicząc Węgry
91%
Te państwo sąsiaduje tylko z RPA Lesotho
88%
Te państwo jest 4 największe w Amerykach Argentyna
83%
Te państwo jako jedne z dwóch nie zostało skolizowane w Afryce (na samogłoskę) Etiopia
73%
Te państwo posiadało 99% kontynentu Wielka Brytania
55%
Te państwo sąsiaduję tylko z członkami NATO i do niego nie należy Szwecja
52%
Nie znaleziono quizów pasujących do podanych kryteriów
Rozkład punktacji
Procent ludzi z każdym wynikiem
Percentyl według liczby udzielonych odpowiedzi
Twoja historia wyników
Nie rozwiązałeś tego quizu